书目信息 |
| 题名: |
围棋完全入门
|
|
| 作者: | 李不大 主编 | |
| 分册: | ||
| 出版信息: | 北京 世界图书出版公司 2005.01 |
|
| 页数: | 197页 | |
| 开本: | 21cm | |
| 丛书名: | 棋牌娱乐手册 | |
| 单 册: | ||
| 中图分类: | G891.3 | |
| 科图分类: | ||
| 主题词: | 围棋--wei qi--基本知识 | |
| 电子资源: | ||
| ISBN: | 7-5062-6480-3 | |
| 000 | 00833nam 2200265 450 | |
| 001 | 012008663134 | |
| 005 | 20080315160609.23 | |
| 010 | @a7-5062-6480-3@dCNY16.80 | |
| 100 | @a20080315d2005 km y0chiy0120 ea | |
| 101 | 0 | @achi |
| 102 | @aCN@b110000 | |
| 105 | @aa z 000yy | |
| 106 | @ar | |
| 200 | 1 | @a围棋完全入门@Awei qi wan quan ru men@f李不大主编@Fli bu da zhu bian |
| 205 | @a第2版 | |
| 210 | @a北京@c世界图书出版公司@d2005.01 | |
| 215 | @a197页@c图@d21cm | |
| 225 | 2 | @a棋牌娱乐手册@Aqi pai yu le shou ce |
| 330 | @a本书包括棋具与规则、围棋的基础知识、吃子技巧、中盘战术、围棋战术要点、胜负的计算等内容。 | |
| 410 | 0 | @12001 @a棋牌娱乐手册 |
| 606 | 0 | @a围棋@Awei qi@x基本知识 |
| 690 | @aG891.3@v4 | |
| 701 | 0 | @a李不大@Ali bu da@4主编 |
| 801 | 0 | @aCN@bQSSK@c20080315 |
| 905 | @b20284524-26@dG891.3@eL120=2@f3 | |
| 围棋完全入门/李不大主编.-第2版.-北京:世界图书出版公司,2005.01 |
| 197页:图;21cm.-(棋牌娱乐手册) |
| ISBN 7-5062-6480-3:CNY16.80 |
| 本书包括棋具与规则、围棋的基础知识、吃子技巧、中盘战术、围棋战术要点、胜负的计算等内容。 |
| ● |
| 相关链接 |
|
|
|
正题名:围棋完全入门
索取号:G891.3/L120=2
 
预约/预借
| 序号 | 登录号 | 条形码 | 馆藏地/架位号 | 状态 | 备注 |
| 1 | 284524 | 202845243 | 社科库409/ [索取号:G891.3/L120=2] | 在馆 | |
| 2 | 284525 | 202845252 | 社科二线422/422社科库 31排2列1层/ [索取号:G891.3/L120=2] | 在馆 | |
| 3 | 284526 | 202845261 | 社科库409/ [索取号:G891.3/L120=2] | 在馆 |